Návrh postupu finančnej analýzy vo vybranom podniku diplomová práca

Saved in:
Bibliographic Details
Main Author: Jurinová, Monika
Corporate Author: Fakulta podnikového manažmentu EU. Katedra podnikových financií
Other Authors: Moravčíková, Elena, 1967-
Format: Book
Language:Slovak
Published: Bratislava 2012
Tags: Add Tag
No Tags, Be the first to tag this record!

MARC

LEADER 00000nbm a2200000 4500
001 0152534
005 20161109102043.5
041 0 |a slo 
044 |a SK 
245 1 0 |a Návrh postupu finančnej analýzy vo vybranom podniku  |b diplomová práca  |c Monika Jurinová ; školiteľ: Elena Moravčíková 
264 1 |a Bratislava  |c 2012 
300 |a 69 s. 
100 1 |a Jurinová, Monika 
700 1 |a Moravčíková, Elena, 1967- 
710 2 |a Fakulta podnikového manažmentu EU. Katedra podnikových financií